[Event "CRO-chT2 Center 23rd"]
[Site "Grubisno Polje"]
[Date "2014.04.06"]
[Round "5.2"]
[White "Ivekovic, Zvonimir"]
[Black "Belani, Marijan"]
[Result "1-0"]
[WhiteElo "2367"]
[BlackElo "2045"]
[PlyCount "65"]
[EventDate "2014.03.02"]
[EventType "team-match"]
[EventRounds "11"]
[EventCountry "CRO"]
[SourceTitle "EXT 2016"]
[Source "ChessBase"]
[SourceDate "2015.10.08"]
[SourceVersion "1"]
[SourceVersionDate "2015.10.08"]
[SourceQuality "1"]

1. e4 e6 2. d4 d5 3. Nc3 Nc6 4. Nf3 Nf6 5. e5 Ne4 6. Bd3 Bb4 7. Bd2 Bxc3 8. bxc3 Nxd2 9. Qxd2 Na5 10. h4 h6 11. Rh3 b6 12. h5 c5 13. Rg3 c4 14. Be2 Kf8 15. Qf4 Bd7 16. a4 Rh7 17. Nh4 Bc8 18. Kd2 Kg8 19. Re3 Qg5 20. Qh2 Qe7 21. f4 g5 22. hxg6 fxg6 23. Qg3 Qg7 24. Nf3 Bd7 25. Nh2 Kf7 26. Ng4 Ke7 27. Nf6 Rhh8 28. f5 exf5 29. Nxd5+ Kf8 30. e6 Bc6 31. Qd6+ Kg8 32. Ne7+ Kh7 33. Nxc6 1-0

[Event "CRO-chT2 Center 22nd"]
[Site "Sisak"]
[Date "2013.10.20"]
[Round "11.5"]
[White "Matko, Ognjen"]
[Black "Belani, Marijan"]
[Result "1-0"]
[WhiteElo "2253"]
[BlackElo "2059"]
[PlyCount "87"]
[EventDate "2013.04.14"]
[EventType "team-tourn"]
[EventRounds "11"]
[EventCountry "CRO"]
[SourceTitle "EXT 2016"]
[Source "ChessBase"]
[SourceDate "2015.10.08"]
[SourceVersion "1"]
[SourceVersionDate "2015.10.08"]
[SourceQuality "1"]

1. e4 d6 2. d4 Nf6 3. Nc3 g6 4. Be2 Bg7 5. h4 h5 6. Nf3 c5 7. d5 Bg4 8. Be3 Nbd7 9. Qd2 a6 10. a4 b6 11. 0-0 Qc7 12. Rad1 Bxf3 13. gxf3 Ne5 14. Kh2 Qc8 15. Rg1 Rb8 16. Rg3 Nfg4+ 17. fxg4 hxg4 18. Kg2 Rxh4 19. Rh1 Rxh1 20. Kxh1 Kd8 21. Bh6 Bf6 22. Bf4 Kc7 23. Qd1 Bh4 24. Bxe5 dxe5 25. Bxg4 f5 26. Rh3 Bxf2 27. d6+ Kb7 28. exf5 gxf5 29. Qf3+ Qc6 30. Bxf5 Qxf3+ 31. Rxf3 Bd4 32. Be4+ Ka7 33. Rf7 Rh8+ 34. Kg2 Rg8+ 35. Kf3 Bxc3 36. Rxe7+ Kb8 37. bxc3 Rf8+ 38. Ke3 Kc8 39. Rb7 b5 40. Ra7 Rf6 41. Rxa6 Kd7 42. Bc6+ Kxd6 43. Bxb5+ Ke7 44. Rxf6 1-0

[Event "CRO-chT2 Center 22nd"]
[Site "Sisak"]
[Date "2013.10.13"]
[Round "10.2"]
[White "Belani, Marijan"]
[Black "Jusic, Zdenko"]
[Result "0-1"]
[WhiteElo "2059"]
[BlackElo "2316"]
[PlyCount "68"]
[EventDate "2013.04.14"]
[EventType "team-tourn"]
[EventRounds "11"]
[EventCountry "CRO"]
[SourceTitle "EXT 2016"]
[Source "ChessBase"]
[SourceDate "2015.10.08"]
[SourceVersion "1"]
[SourceVersionDate "2015.10.08"]
[SourceQuality "1"]

1. d4 Nf6 2. c4 d6 3. Nc3 Nbd7 4. Nf3 e5 5. e3 Be7 6. Be2 0-0 7. 0-0 c6 8. b3 Re8 9. Qc2 Qc7 10. Bb2 Nf8 11. h3 Ng6 12. Rac1 Bf8 13. Rfd1 e4 14. Nd2 Qe7 15. Ba3 h5 16. b4 Bf5 17. Bf1 Qd7 18. d5 c5 19. Nb3 b6 20. bxc5 dxc5 21. Nd2 Bd6 22. Bb2 a6 23. a4 Bc7 24. Ne2 Qd6 25. g3 h4 26. Bg2 Ne5 27. Nxe4 Nxe4 28. Bxe4 Nf3+ 29. Bxf3 Bxc2 30. Rxc2 hxg3 31. Nxg3 Qg6 32. Re2 Bxg3 33. fxg3 Qxg3+ 34. Bg2 Rxe3 0-1

[Event "CRO-chT2 Center"]
[Site "Zagreb"]
[Date "2010.04.11"]
[Round "6.31"]
[White "Djurovic, Goran"]
[Black "Belani, Marijan"]
[Result "1-0"]
[WhiteElo "2276"]
[BlackElo "2156"]
[PlyCount "89"]
[EventDate "2010.03.21"]
[EventType "team-tourn"]
[EventRounds "11"]
[EventCountry "CRO"]
[SourceTitle "EXT 2012"]
[Source "ChessBase"]
[SourceDate "2011.11.24"]
[SourceVersion "1"]
[SourceVersionDate "2011.11.24"]
[SourceQuality "1"]

1. Nf3 Nf6 2. c4 e6 3. g3 c5 4. Bg2 Qc7 5. Nc3 a6 6. 0-0 b6 7. d4 cxd4 8. Nxd4 Bb7 9. e4 d6 10. Be3 Nbd7 11. Rc1 Be7 12. Nd5 exd5 13. cxd5 Qd8 14. Nc6 Bxc6 15. dxc6 Ne5 16. f4 Neg4 17. Bd4 Qc7 18. h3 h5 19. Qe2 0-0 20. hxg4 Nxg4 21. Bf3 Bf6 22. Rfd1 b5 23. Bxg4 Bxd4+ 24. Rxd4 hxg4 25. Qxg4 Qb6 26. Rcd1 Rac8 27. f5 f6 28. Qf3 Rxc6 29. Qb3+ Rf7 30. Kg2 Qc5 31. Kf3 Kf8 32. Rh1 Kg8 33. Rd2 Qc4 34. Qxc4 bxc4 35. Rc1 Rfc7 36. Rdc2 Rc5 37. g4 Rb7 38. Ke3 Rbb5 39. Rd1 Rb6 40. Rd5 Rcc6 41. Rd4 Rb4 42. b3 d5 43. exd5 Rc8 44. Rcxc4 Re8+ 45. Re4 1-0

[Event "CRO-chT2 Center"]
[Site "Zagreb"]
[Date "2010.03.28"]
[Round "4.22"]
[White "Belani, Marijan"]
[Black "Matic, Zeljko"]
[Result "0-1"]
[WhiteElo "2156"]
[BlackElo "2181"]
[PlyCount "80"]
[EventDate "2010.03.21"]
[EventType "team-tourn"]
[EventRounds "11"]
[EventCountry "CRO"]
[SourceTitle "EXT 2012"]
[Source "ChessBase"]
[SourceDate "2011.11.24"]
[SourceVersion "1"]
[SourceVersionDate "2011.11.24"]
[SourceQuality "1"]

1. d4 d6 2. c4 e5 3. Nf3 exd4 4. Nxd4 g6 5. e4 Bg7 6. Nc3 Ne7 7. Bg5 h6 8. Be3 0-0 9. Qd2 Kh7 10. h4 Nbc6 11. h5 g5 12. 0-0-0 f5 13. f3 fxe4 14. Nxe4 Nf5 15. Nxf5 Bxf5 16. Ng3 Be6 17. Bd3+ Kh8 18. Bb1 Bxc4 19. Qc2 Bg8 20. a3 Qf6 21. Nf5 Bh7 22. g4 Rae8 23. Rhe1 Bxf5 24. gxf5 Re5 25. f4 gxf4 26. Bf2 Rb5 27. b4 Qa1 28. Rd3 Bf6 29. Re6 a5 30. Rb3 axb4 31. Qc4 Na5 32. Rxf6 Nxb3+ 33. Qxb3 Rxf6 34. axb4 c5 35. Be1 cxb4 36. Bf2 Qc3+ 37. Qxc3 bxc3 38. Bd4 Rxb1+ 39. Kxb1 Kg7 40. Kc2 Kf7 0-1

[Event "CRO-chT2 Center"]
[Site "Zagreb"]
[Date "2010.03.28"]
[Round "3.62"]
[White "Vidovic, Sasa"]
[Black "Belani, Marijan"]
[Result "1/2-1/2"]
[WhiteElo "2301"]
[BlackElo "2156"]
[PlyCount "116"]
[EventDate "2010.03.21"]
[EventType "team-tourn"]
[EventRounds "11"]
[EventCountry "CRO"]
[SourceTitle "EXT 2012"]
[Source "ChessBase"]
[SourceDate "2011.11.24"]
[SourceVersion "1"]
[SourceVersionDate "2011.11.24"]
[SourceQuality "1"]

1. e4 e6 2. d4 d5 3. e5 c5 4. c3 Ne7 5. Nf3 Nec6 6. Bd3 b6 7. 0-0 Ba6 8. Bxa6 Nxa6 9. dxc5 bxc5 10. Qa4 Nab8 11. Qf4 Be7 12. Qg3 Kf8 13. Re1 h5 14. h4 Nd7 15. Nbd2 Qc7 16. Nf1 Kg8 17. Qf4 Nf8 18. g3 Ng6 19. Qe3 Bf8 20. Qe2 a6 21. Bg5 Nge7 22. Rad1 Nf5 23. Ne3 Nxe3 24. Qxe3 Ne7 25. Bxe7 Bxe7 26. c4 d4 27. Qe4 Rb8 28. b3 Qb7 29. Qf4 Rf8 30. Nd2 Rd8 31. Ne4 Qc7 32. Rd3 g6 33. Rf3 Rh7 34. Rd1 Rd7 35. Rfd3 a5 36. Re1 Qd8 37. Nf6+ Bxf6 38. exf6 Qc7 39. Re5 Rd6 40. Rd1 Rc6 41. Rde1 Kf8 42. a3 Rh8 43. b4 axb4 44. axb4 cxb4 45. c5 Kg8 46. Qxd4 b3 47. Qb4 Kh7 48. Qxb3 Rxc5 49. Rxc5 Qxc5 50. Rxe6 Rf8 51. Re7 Kg8 52. Qe3 Qd6 53. Qg5 Rb8 54. Re1 Kh7 55. Rf1 Rb6 56. Re1 Qxf6 57. Qxf6 Rxf6 58. Kg2 Kg7 1/2-1/2

[Event "CRO-chT2 Center"]
[Site "Zagreb"]
[Date "2010.03.21"]
[Round "2.12"]
[White "Belani, Marijan"]
[Black "Cop, Tomislav"]
[Result "0-1"]
[WhiteElo "2156"]
[BlackElo "2275"]
[PlyCount "78"]
[EventDate "2010.03.21"]
[EventType "team-tourn"]
[EventRounds "11"]
[EventCountry "CRO"]
[SourceTitle "EXT 2012"]
[Source "ChessBase"]
[SourceDate "2011.11.24"]
[SourceVersion "1"]
[SourceVersionDate "2011.11.24"]
[SourceQuality "1"]

1. d4 Nf6 2. c4 g6 3. Nc3 Bg7 4. e4 d6 5. Be2 0-0 6. g4 a6 7. g5 Nfd7 8. h4 c5 9. d5 b5 10. cxb5 axb5 11. Nxb5 Ba6 12. Nc3 Qa5 13. Bd2 Ne5 14. h5 Nbd7 15. f4 Nc4 16. Bxc4 Bxc4 17. hxg6 hxg6 18. Qg4 Rfb8 19. Qxd7 Rxb2 20. Qh3 Rxd2 21. Kxd2 Qb4 22. Nge2 Qb2+ 23. Ke1 Qxa1+ 24. Kf2 Qb2 25. Rb1 Qa3 26. Kg2 Bxe2 27. Nxe2 Qxa2 28. Qd3 c4 29. Qd1 c3 30. Rc1 Qc4 31. Kf3 Ra4 32. Ng3 Ra2 33. e5 Rd2 34. Qf1 Rd3+ 35. Kg4 dxe5 36. Ne2 exf4 37. Nxf4 Be5 38. Re1 Bxf4 39. Qxf4 Rd4 0-1

[Event "CRO-Cup 18th"]
[Site "Sibenik"]
[Date "2009.05.20"]
[Round "1"]
[White "Belani, Marijan"]
[Black "Martinovic, Sasa"]
[Result "0-1"]
[WhiteElo "2165"]
[BlackElo "2483"]
[PlyCount "66"]
[EventDate "2009.05.20"]
[EventType "team-tourn"]
[EventRounds "5"]
[EventCountry "CRO"]
[SourceTitle "CBM 130 Extra"]
[Source "ChessBase"]
[SourceDate "2009.07.02"]
[SourceVersion "2"]
[SourceVersionDate "2009.07.15"]
[SourceQuality "1"]

1. d4 Nf6 2. c4 g6 3. Nc3 Bg7 4. e4 d6 5. Be2 0-0 6. g4 c5 7. d5 e6 8. g5 Ne8 9. h4 exd5 10. cxd5 Nc7 11. h5 b5 12. hxg6 hxg6 13. Qd3 Re8 14. Bf4 b4 15. Nd1 Ba6 16. Qc2 Qe7 17. f3 Nb5 18. Bxb5 Bxb5 19. Qh2 Rd8 20. Nh3 Na6 21. Ne3 c4 22. 0-0-0 Nc5 23. Nf2 Na4 24. Rd2 c3 25. bxc3 Nxc3 26. Nfd1 Qc7 27. Rc2 Bd3 28. Nxc3 bxc3 29. Ng4 Bxc2 30. Nf6+ Kf8 31. e5 Qb6 32. Qxc2 dxe5 33. Nh7+ Kg8 0-1

[Event "Velika Gorica op 5th"]
[Site "Velika Gorica"]
[Date "2005.08.22"]
[Round "4"]
[White "Belani, Marijan"]
[Black "Heged, Vlado"]
[Result "1/2-1/2"]
[WhiteElo "2199"]
[BlackElo "2118"]
[PlyCount "58"]
[EventDate "2005.08.20"]
[EventType "swiss"]
[EventRounds "9"]
[EventCountry "CRO"]
[SourceTitle "CBM 108 Extra"]
[Source "ChessBase"]
[SourceDate "2005.11.04"]
[SourceVersion "1"]
[SourceVersionDate "2005.11.04"]
[SourceQuality "1"]

1. d4 e6 2. c4 d5 3. Nc3 c6 4. Nf3 f5 5. cxd5 exd5 6. g3 Nf6 7. Bg2 Bd6 8. Qc2 0-0 9. Bg5 h6 10. Bf4 Qe7 11. Bxd6 Qxd6 12. e3 Ne4 13. Nxe4 fxe4 14. Ne5 Nd7 15. Nxd7 Qb4+ 16. Qc3 Qxc3+ 17. bxc3 Bxd7 18. h3 b5 19. 0-0 Rf6 20. a3 Rc8 21. Rad1 g5 22. g4 Rcf8 23. Rd2 Kg7 24. Kh2 h5 25. gxh5 Be8 26. Kg3 Bxh5 27. Rh1 Bf3 28. Bxf3 Rxf3+ 29. Kg2 Rh8 1/2-1/2

[Event "Velika Gorica op 5th"]
[Site "Velika Gorica"]
[Date "2005.08.21"]
[Round "2"]
[White "Belani, Marijan"]
[Black "Zecevic, Dean"]
[Result "0-1"]
[WhiteElo "2199"]
[BlackElo "2442"]
[PlyCount "104"]
[EventDate "2005.08.20"]
[EventType "swiss"]
[EventRounds "9"]
[EventCountry "CRO"]
[SourceTitle "CBM 108 Extra"]
[Source "ChessBase"]
[SourceDate "2005.11.04"]
[SourceVersion "1"]
[SourceVersionDate "2005.11.04"]
[SourceQuality "1"]

1. d4 Nf6 2. c4 e6 3. Nc3 Bb4 4. Qc2 c5 5. dxc5 Bxc5 6. e3 Be7 7. Nf3 b6 8. a3 Bb7 9. Be2 d6 10. 0-0 Nbd7 11. b3 0-0 12. Bb2 a6 13. Rac1 Qc7 14. Rfd1 Rac8 15. Qb1 h6 16. Nd2 Qb8 17. Bf3 Bxf3 18. gxf3 b5 19. cxb5 axb5 20. Nce4 d5 21. Nxf6+ Bxf6 22. Bxf6 Nxf6 23. Qb2 Qa7 24. Rxc8 Rxc8 25. Rc1 Rd8 26. Nf1 d4 27. exd4 Rxd4 28. Rc8+ Kh7 29. Rc7 Qxc7 30. Qxd4 Qc6 31. Kg2 Qc1 32. Ng3 Nd5 33. Qd3+ g6 34. Ne2 Qxa3 35. Qxb5 Qb2 36. Qc4 Qd2 37. h4 h5 38. Kg3 Ne7 39. Kg2 Nf5 40. Qe4 Qd8 41. Kh3 Qb6 42. Ng3 Qxb3 43. Nxf5 gxf5 44. Qe3 Qxe3 45. fxe3 f4 46. exf4 Kg6 47. Kg2 Kf5 48. Kg3 f6 49. Kg2 Kxf4 50. Kf2 e5 51. Kg2 Ke3 52. Kg3 f5 0-1

[Event "CRO-ch"]
[Site "Zagreb"]
[Date "2002.12.01"]
[Round "9"]
[White "Belani, Marijan"]
[Black "Jadrijevic, Ante"]
[Result "0-1"]
[WhiteElo "2195"]
[BlackElo "2287"]
[PlyCount "120"]
[EventDate "2002.11.24"]
[EventType "swiss"]
[EventRounds "9"]
[EventCountry "CRO"]
[SourceTitle "CBM 091 Extra"]
[Source "ChessBase"]
[SourceDate "2003.01.09"]
[SourceVersion "1"]
[SourceVersionDate "2003.01.09"]
[SourceQuality "1"]

1. d4 d5 2. Nf3 c6 3. Nbd2 Nf6 4. e3 Bg4 5. Be2 Nbd7 6. b3 e6 7. Bb2 Bd6 8. Ne5 Bxe2 9. Qxe2 0-0 10. f4 Ne8 11. 0-0 f5 12. c4 Nef6 13. c5 Bc7 14. a3 Ne4 15. Nxe4 dxe4 16. b4 Nf6 17. Nc4 Nd5 18. Bc1 g5 19. g3 gxf4 20. gxf4 Qh4 21. Bd2 Kh8 22. Kh1 Rg8 23. Rg1 Rg6 24. Rxg6 hxg6 25. Rg1 Kg7 26. Be1 Qh6 27. Ne5 Bxe5 28. dxe5 Rh8 29. Rg3 Kf7 30. a4 a6 31. h3 Qh4 32. b5 axb5 33. axb5 Ra8 34. bxc6 bxc6 35. Kh2 Ra1 36. Rg1 Qh5 37. Qf2 Ra3 38. Rg3 Ra1 39. Rg5 Qh8 40. Qd2 Qa8 41. Rg2 Qa3 42. Bf2 Qxc5 43. Qb2 Ra7 44. Qb8 Ra2 45. Qh8 Qf8 46. Qh4 c5 47. Qg5 Qg8 48. h4 Qh7 49. Qd8 Ra7 50. Rg5 c4 51. h5 c3 52. Kg2 gxh5 53. Qb8 Re7 54. Qb3 h4 55. Kh3 Rc7 56. Qc2 Nb4 57. Qe2 c2 58. Rh5 Qg6 59. Rg5 c1Q 60. Rxg6 Qh1# 0-1